000
00309nam a2200109 4500
008
160630b xxu||||| |||| 00| 0 eng d
100
_9
1541
_a
Jain, R.K
245
_a
Well Done Guide Functional English - XI
260
_a
N.D
_b
Arya
_c
2005
300
_a
Well Done Guide Functional English - XI
942
_2
ddc
_c
BK
999
_c
1273
_d
1273